000 00711nam a2200277 a 4500
003 AR-BaBNM
005 20251128203439.0
008 082120s2002 ||||||||||||||000 | spa||
020 _a950-10-0128-8
040 _cAR-BaBNM
100 1 _aDomínguez de Rodríguez Pasqués, Petrona
245 0 0 _aCuentos fantásticos hispanoamericanos
250 _a2ª ed.
260 _aBuenos Aires
_bAbril
_c1980
300 _a436 p.
490 0 _aClásicos Huemul
_vv. 104
650 4 _aLITERATURA LATINOAMERICANA
650 4 _aESCRITORES
650 4 _aBIOGRAFIAS
650 4 _aANTOLOGIAS
653 _aNARRATIVA
655 _aLITERATURA
800 1 _aRiba, Elsa
_edirector
942 _cBK
998 _cMARTIN
999 _c3425
_d3425